000 00553nam a2200181Ia 4500
008 151018s9999 xx 000 0 und d
082 _bRBASDV51941
_a891.463
100 _aविठठल कदम
245 _aचार पावलं दूर
250 _b1
260 _bअथर्व प्रकाशन
_c2009
300 _a136
600 _aविठठल कदम
630 _aचार पावलं दूर
700 _aविठठल कदम
730 _aचार पावलं दूर
942 _cBOOK
999 _c1050692
_d1050689